Black Pill Mog Quiz - Statistics

General Stats
  • This quiz has been taken 79 times
  • The average score is 10 of 16
Answer Stats
Picture Answer % Correct
Clavicular
100%
Marlon
92%
Cookieking
88%
ASU frat leader
86%
Zeta
82%
Hullo
63%
Androgenic
59%
K Shami
59%
Romulus
59%
Trevor Larcom
49%
Vmogsu
49%
Derb
47%
Bojack
39%
Baby Stickley
31%
Bass
31%
Nocturnal kent
24%
No matching quizzes found
Score Distribution
Percent of People with Each Score
Percentile by Number Answered
Your Score History
You have not taken this quiz